000 00323nam a22001217a 4500
008 160426b xxu||||| |||| 00| 0 eng d
020 _a9780323011938
020 _a0323011934
041 _aeng
080 _a618.2
245 _aNursing Theorists and their work;
_cAnn Marriner Tomey; Martha Raile Alligood;
942 _2udc
_cBK
999 _c1616
_d1616